| 000 | 00375nam a2200145 i 4500 | ||
|---|---|---|---|
| 001 | bg | ||
| 100 | 1 | _aBIEROWSKA, Anna | |
| 245 | 0 |
_aElektroniczna technika obliczeniowa : _bprogramowanie w języku ALGOL / _cAnna Bierowska. |
|
| 260 |
_aRzeszów, _c1976. |
||
| 040 | _cBPK | ||
| 041 | _apol | ||
| 080 | _a519.682 | ||
| 942 | _cKS | ||
| 008 | s pl f |000 0 pol | ||
| 999 |
_c16993 _d16993 |
||
| 856 |
_uhttp://koha.tu.koszalin.pl/cgi-bin/koha/opac-detail.pl?biblionumber=16993 _yKatalog online BPK |
||